000 00908cam a2200265 a 4500
005 20160217150634.0
008 021103t1997 be a gr 00010 spa d
020 _a9282818950
040 _ala
_cla
_dCO-BoIAVH
041 0 _aspa
043 _ae------
082 0 4 _a333.718
_bC65u
110 2 _aComisión de las Comunidades Europeas.
245 1 3 _aLa Unión Europea y el medio ambiente /
_cComisión Europea.
260 _aBruselas :
_bComisión Europea,
_c1997.
300 _a36 p. :
_bil. ;
_c23 cm.
610 2 _aComisión de las Comunidades Europeas
_v Programas.
650 _aControl ambiental
_z Europa.
650 _aImpacto ambiental
_z Europa.
650 6 _aDesarrollo sostenible
_z Europa.
650 _aProtección del medio ambiente
_z Europa.
650 _aPolitica ambiental
_z Europa.
942 _2ddc
_cLIBRO
949 _an
_bn
999 _c3628
_d3628